Derecho, Estado e historia en Agustín de Hipona

Guardat en:
Dades bibliogràfiques
Autor principal: Ortega Muñoz, Juan Fernando (autor)
Format: Llibre
Idioma:espanyol
Publicat: Málaga Universidad de Málaga 1981
Matèries:
Etiquetes: Afegir etiqueta
Sense etiquetes, Sigues el primer a etiquetar aquest registre!

MARC

LEADER 00000nam a2200000 a 4500
001 UCS8391
003 CL-VaPUC
008 971031e19810000SP |||||||||||||||||spa|d
082 0 4 |a 340.109  |b ORT  |2 21 
100 |a Ortega Muñoz, Juan Fernando  |e autor  |9 393229 
245 1 0 |a Derecho, Estado e historia en Agustín de Hipona 
300 |a 266 p 
942 |c BK 
945 |d 19971031 00:00:00  |a aolguin 
260 |a Málaga  |b Universidad de Málaga  |c 1981 
600 0 |a Agustín de Hipona  |c Santo  |d 354-430  |9 315524 
650 0 |a Derecho natural   |9 255041 
650 0 |a Derecho positivo  |9 255911 
650 0 |a Paz  |9 259242 
650 0 |a Filosofía de la historia  |9 265651 
650 0 |a Teoría del Estado  |9 255507 
650 0 |a Sociedad  |9 307903 
650 0 |a Iglesia   |9 255004 
650 7 |a DERECHO DE GUERRA  |2 CL-VaPUC  |9 393230 
650 0 |a Filosofía del derecho   |9 255050 
583 |a last modification  |c 19971031 00:00:00  |k Rodrigo Vera 
999 |c 262821  |d 262819 
952 |0 0  |1 0  |4 0  |6 340_109000000000000_ORT_1981  |7 0  |8 DER_TF  |9 291718  |a BIBDER  |b BIBDER  |d 2019-11-19  |i 1897713  |o 340.109 ORT 1981  |p 1897713  |r 2023-01-25  |w 2019-11-19  |x Ubicación 4to Piso  |y BK  |z Estos recursos deben solicitarse con anticipación  |k DER